| 000 | 03266nam0a2200409 4500 | ||
|---|---|---|---|
| 001 | RU\NLR\BIBL_A\022720334 | ||
| 005 | 20260510042730.0 | ||
| 010 |
_a978-5-00259-100-8 _9300 |
||
| 021 |
_aRU _bКН-П-25-076061 _9КН-П-25-7370 |
||
| 035 | _a(NLR Aleph) 022720334 | ||
| 090 |
_a13701739 _c13701739 |
||
| 100 | _a20260205d2025 u y0rusy50 ca | ||
| 101 | 0 | _arus | |
| 102 | _aRU | ||
| 105 | _aa|||j|||000yy | ||
| 181 | 0 |
_ai3 _baxxe |
|
| 182 | 0 | _an | |
| 200 | 1 |
_aСпособы применения, правила выписки и хранения лекарственных средств _eучебное пособие для студентов II курса по специальности 31.05.03 - Стоматология _fд-р мед. наук, проф. И. А. Горбачева, канд. мед. наук Л. А. Шестакова, канд. мед. наук П. С. Шабак-Спасский _gпод редакцией И. А. Горбачевой _gФедеральное государственное бюджетное образовательное учреждение высшего образования "Первый Санкт-Петербургский государственный медицинский университет имени академика И. П. Павлова" Министерства здравоохранения Российской Федерации, Кафедра внутренних болезней стоматологического факультета |
|
| 203 |
_aТекст _bвизуальный _cнепосредственный |
||
| 210 |
_aСанкт-Петербург _cРИЦ ПСПбГМУ _d2025 |
||
| 215 |
_a35, [1] с. _cтабл. _d21 |
||
| 300 | _aАвт. указаны на обороте тит. с. | ||
| 320 | _aБиблиогр. в конце кн. | ||
| 606 | 1 |
_aФармацевтические препараты _jУчебные издания для высших учебных заведений _xСпособы введения _91478387 _3RU\NLR\AUTH\66628556 |
|
| 606 | 1 |
_aФармацевтические препараты _jУчебные издания для высших учебных заведений _xХранение _91399325 _3RU\NLR\AUTH\66588778 |
|
| 606 | 1 |
_aФармацевтические препараты _jУчебные издания для высших учебных заведений _xПравила отпуска _92314817 _3RU\NLR\AUTH\661385172 |
|
| 686 | 1 | _aР352,8я73 | |
| 686 | 1 | _aР11(2)26я73 | |
| 701 | 1 |
_aГорбачева _bИ. А. _gИрина Анатольевна |
|
| 701 | 1 |
_aШестакова _bЛ. А. _gЛюдмила Андреевна |
|
| 701 | 1 |
_7ca _8rus _aШабак-Спасский _bП. С. _gПетр Серафимович _966023 _3RU\NLR\AUTH\7783095 |
|
| 712 | 0 | 2 |
_4570 _aСанкт-Петербургский государственный медицинский университет им. И. П. Павлова _bКафедра внутренних болезней стоматологического факультета _9587838 _3RU\NLR\AUTH\8810044197 |
| 942 | _cBOOK | ||
| 980 | _aNB | ||